期刊信息 |
| 索取号 |
C5/HEB
|
| 题名 |
哈尔滨师专学报
|
| 作者 |
|
| 分册号 |
|
| 分册名 |
|
| 出版地 |
黑龙江
|
| 出版者 |
本报编辑部
|
| 标准刊号 |
|
| 出版频率 |
月刊
|
| 中图法分类 |
C5
|
| 主题词 |
社会科学 丛书; 社会科学 文集; 社会科学 连续出版物
|
| 电子资源 | |
| |
|
| 000 | 00512nas0 2200193 45 | |
| 001 | 0739274651 | |
| 005 | 20070411105556.09 | |
| 100 | @a20070411d km y0chiy0120 ea | |
| 101 | 0 | @achi |
| 200 | 1 | @a哈尔滨师专学报@AHa Er Bin Shi Zhuan Xue Bao@i社会科学版 |
| 210 | @a黑龙江@c本报编辑部 | |
| 326 | @a月刊 | |
| 517 | 1 | @a社会科学版@AShe Hui Ke Xue Ban |
| 606 | 0 | @a社会科学@x丛书 |
| 606 | 0 | @a社会科学@x文集 |
| 606 | 0 | @a社会科学@x连续出版物 |
| 690 | @aC5@v4 | |
| 801 | 0 | @aCN@bPFT@c20070411 |
| 905 | @aTJWY@dC5@eHEB | |
| 哈尔滨师专学报.社会科学版.-黑龙江:本报编辑部 |
| ● |
| 相关链接: |
|
|
|
|